[Event "3rd ESNAI-ch 2018"]
[Site "Klaksvik"]
[Date "2018.04.15"]
[Round "2"]
[White "Theocharous, Stelios"]
[Black "Efimov, Igor"]
[Result "0-1"]
[WhiteElo "2099"]
[BlackElo "2407"]
[Annotator "TA"]
[PlyCount "44"]
[EventDate "2018.??.??"]
[EventType "tourn"]
[EventCountry "FAI"]
[SourceTitle "playchess.com"]
[Source "ChessBase"]
[SourceQuality "1"]

{[%evp 23,44,0,6,-36,-41,-47,-49,-62,-78,-71,-60,-75,-71,-69,-36,-64,-80,-80,-83,-181,-168,-498,-489]} 1. e4 c5 2. Nf3 Nc6 3. d4 cxd4 4. Nxd4 Qb6 5. Nb5 a6 6. Be3 Qd8 7. Nd4 Nf6 8. Nc3 e6 9. g3 Qc7 10. Bg2 Be7 11. O-O O-O 12. f4 d6 {LiveBook: 109 Games} 13. Na4 $146 {B80: Sicilian Scheveningen: 6 g3 and 6 Be3, including English Attack} ({Predecessor (2):} 13. Nb3 b5 14. g4 b4 15. Na4 Nd7 16. g5 Re8 17. Qh5 g6 18. Qh4 Bf8 19. Rf3 Bg7 20. Rh3 Nf8 21. Nb6 {0-1 (46) Sanal,V (2551)-Potkin,V (2574) Riadh 2017}) 13... Na5 14. b3 b5 15. e5 {Black is slightly better.} Nd5 16. Bxd5 exd5 17. exd6 Bxd6 {[#] And now ...Re8 would win.} 18. Nb2 Bh3 19. Rf2 Rfe8 20. Qd2 Re4 21. Nf3 (21. c3 $17) 21... Rae8 $19 22. Re1 $2 {[#]} (22. Ng5 {is more resistant.} Rxe3 23. Nxh3) 22... Bb4 0-1

[Event "3rd ESNAI-ch 2018"]
[Site "Klaksvik"]
[Date "2018.04.15"]
[Round "2"]
[White "Frick, Renato"]
[Black "Klerides, Paris"]
[Result "1/2-1/2"]
[WhiteElo "2062"]
[BlackElo "2183"]
[Annotator "TA"]
[PlyCount "93"]
[EventDate "2018.??.??"]
[EventType "tourn"]
[EventCountry "FAI"]
[SourceTitle "playchess.com"]
[Source "ChessBase"]
[SourceQuality "1"]

{[%evp 23,93,31,25,-18,-8,-31,-21,-22,-11,-15,-22,-15,-6,-14,0,-6,0,0,0,-28,-14,-29,-13,-21,-18,-7,-8,-7,-10,-12,-15,-12,0,-26,-28,-28,0,-26,-18,-18,-20,-20,-7,-11,0,-5,0,0,0,-2,0,-5,-5,-5,0,-5,0,0,0,-7,-7,-7,0,0,0,0,0,0,0,0,0,0]} 1. e4 c5 2. Nf3 d6 3. d4 cxd4 4. Nxd4 Nf6 5. Nc3 a6 6. Be3 e5 7. Nb3 Be6 8. Be2 Be7 9. O-O O-O 10. Kh1 Nbd7 {B92: Sicilian Najdorf: 6 Be2} 11. f4 Qc7 (11... Rc8 12. Qe1 b5 13. a3 Qc7 14. Qg3 Kh8 15. Nd2 Nb6 16. f5 Bd7 17. Qf2 Na4 18. Nxa4 bxa4 19. Bxa6 {1-0 (42) Haddouche,M (2505)-Hesham,A (2428) Zeralda 2014}) 12. f5 Bc4 {LiveBook: 3 Games. White is slightly better.} 13. Bxc4 Qxc4 14. Qd3 (14. Nd2 {is more complex.} Qc6 15. Qf3 b5 16. Rac1 b4 17. Nd5) 14... Qxd3 15. cxd3 b5 16. Rfd1 $146 ({Predecessor:} 16. a3 Rfc8 17. Rfc1 Bd8 18. h3 {½-½ (28) Mechlowski,L (1933)-Booth,R (2041) ICCF email 2016}) 16... Rfc8 17. Rac1 Bd8 18. h3 h6 19. g4 Bb6 20. Bxb6 Nxb6 21. Nd2 Kf8 22. b3 Ke7 23. Nf3 Rc7 24. Ne2 Rac8 25. Rxc7+ Rxc7 26. Rc1 Rxc1+ 27. Nxc1 $11 {[%mdl 4096] Endgame KNN-KNN} Nbd7 28. Kg2 d5 29. Nd2 Kd6 30. Kf3 Kc5 {next ...Kd4 is good for Black.} 31. Ke3 {The position is equal.} a5 32. a3 Nb6 33. Na2 b4 34. a4 Nbd7 35. Nc1 Nb6 36. Ne2 Nfd7 37. h4 d4+ 38. Kf3 Kd6 39. Nc1 Nc5 40. g5 hxg5 41. hxg5 Ke7 42. Kg4 g6 43. f6+ Ke6 44. Kf3 Kd6 45. Kg4 Ke6 46. Kf3 Kd6 47. Kg4 {Precision: White = 53%, Black = 29%.} 1/2-1/2

[Event "3rd ESNAI-ch 2018"]
[Site "Klaksvik"]
[Date "2018.04.16"]
[Round "3"]
[White "Aloma Vidal, Robert"]
[Black "Berg, Olaf"]
[Result "1-0"]
[WhiteElo "2440"]
[BlackElo "2235"]
[Annotator "TA"]
[PlyCount "79"]
[EventDate "2018.??.??"]
[EventType "tourn"]
[EventCountry "FAI"]
[SourceTitle "playchess.com"]
[Source "ChessBase"]
[SourceQuality "1"]

{[%evp 14,79,35,31,70,53,62,49,95,87,88,94,91,88,135,136,135,138,116,123,228,225,235,106,89,32,31,18,118,99,84,-74,22,0,0,0,8,0,53,62,91,100,103,114,126,77,156,155,170,187,184,173,155,96,287,285,743,739,709,731,730,712,837,776,758,750,1077,1075]} 1. d4 Nf6 2. c4 e6 3. Nf3 d5 4. g3 Bb4+ 5. Nbd2 c6 6. Bg2 O-O 7. O-O {E01: Catalan: Early deviations} Nbd7 (7... b6 8. a3 Be7 9. Qc2 Ba6 10. b3 Nbd7 11. e4 Rc8 12. Rd1 c5 13. exd5 exd5 14. Bb2 Re8 {0-1 (34) Wagner,D (2548)-Fedorchuk,S (2615) Vandoeuvre 2016}) 8. Qc2 {LiveBook: 52 Games} Qe7 9. e4 {White is slightly better.} dxe4 10. Nxe4 h6 11. a3 Ba5 12. Bf4 {Bd6 is the strong threat.} Nxe4 13. Qxe4 c5 $146 ({Predecessor:} 13... Nf6 14. Qe5 Bb6 {½-½ (32) Orteu Capdevila,M (2153)-Obon Temprano,S (2268) Barcelona 2015}) 14. b4 cxb4 15. axb4 Bxb4 {[#]} 16. c5 $1 Re8 (16... e5 $16) 17. Bd6 $18 {[%mdl 1024] White has strong compensation.} Qd8 18. Ne5 (18. Rfb1 $18 Nf6 19. Qd3) 18... a5 $16 19. Nd3 (19. Qf4 $16 Nxe5 20. dxe5) 19... Nf6 $14 20. Qe5 Ra6 (20... Nd5 $11 {keeps the balance.}) 21. Nxb4 axb4 22. Rab1 $2 (22. Rxa6 $16 {stays on course.} bxa6 23. c6) 22... Qa5 (22... Nd5 $1 $17) 23. Rb2 Qb5 24. Rfb1 {Black must now prevent Bf1.} Ra4 25. Bf1 Qa5 ({Black should try} 25... Qc6 $11) 26. Bc7 Qa7 27. Bb5 ({Reject} 27. Rxb4 Rxb4 28. Rxb4 Bd7 $15) 27... Ra2 {And now ...Rxb2 would win.} 28. Qe2 $36 {[%mdl 2048] Black is under strong pressure.} Ra1 29. Be5 ({Don't do} 29. Rxb4 $6 Nd5 $11) 29... Nd7 ({Better is} 29... Rd8) 30. Rxb4 $16 Qa3 31. Rxa1 Qxa1+ {[#]} 32. Kg2 $1 Qc3 33. Rb1 (33. Ra4 $142) 33... f6 $2 (33... Nxe5 $16 {is a better defense.} 34. Bxe8 (34. Qxe5 Rd8 $14) 34... Qxd4) 34. Bd6 $18 Qxd4 $2 (34... f5 35. d5 e5) 35. Rd1 {White is clearly winning.} Qc3 36. Qh5 Rd8 37. Be7 Qb3 38. Qe2 Re8 39. Bxd7 Bxd7 40. Rxd7 {Precision: White = 57%, Black = 25%.} 1-0

[Event "3rd ESNAI-ch 2018"]
[Site "Klaksvik"]
[Date "2018.04.16"]
[Round "3"]
[White "Efimov, Igor"]
[Black "Frick, Renato"]
[Result "1-0"]
[WhiteElo "2407"]
[BlackElo "2062"]
[Annotator "TA"]
[PlyCount "95"]
[EventDate "2018.??.??"]
[EventType "tourn"]
[EventCountry "FAI"]
[SourceTitle "playchess.com"]
[Source "ChessBase"]
[SourceQuality "1"]

{[%evp 12,95,9,-1,5,15,44,39,46,18,60,58,67,62,35,32,72,29,41,0,3,-8,52,59,61,67,112,102,121,114,106,79,92,66,75,75,75,67,61,79,206,207,204,166,269,274,264,264,264,264,270,240,293,291,291,277,290,267,276,282,275,235,294,291,279,282,264,221,291,218,224,193,210,219,579,567,512,450,402,275,393,392,1060,1012,1038,1012]} 1. Nf3 Nf6 2. c4 g6 3. d4 Bg7 4. Nc3 d5 5. e3 O-O 6. Bd2 c6 7. Rc1 {LiveBook: 55 Games} b6 {D94: Grünfeld: 4 Nf3 Bg7 5 e3} (7... Ne4 8. Bd3 Nxd2 9. Qxd2 dxc4 10. Bxc4 Bg4 11. Be2 Nd7 12. h3 Bxf3 13. Bxf3 e6 14. O-O Qe7 15. b4 Rad8 {½-½ (40) Ibragimov,I (2586)-Christiansen,L (2588) Saint Louis 2009}) 8. cxd5 Nxd5 9. Bc4 Bb7 {White is slightly better.} 10. O-O Nc7 $146 ({Predecessor:} 10... Nd7 11. Nxd5 cxd5 12. Bd3 e5 13. dxe5 Nxe5 14. Nxe5 Bxe5 15. Bc3 d4 16. exd4 Bxd4 17. Qg4 Bxc3 18. Rxc3 Rc8 19. Bc4 Rc5 20. Rg3 Qc8 {½-½ (20) Hornung,H-Heigl,R Passau 1979}) 11. Qe2 Nd7 12. e4 b5 13. Bd3 a6 14. Rfd1 e5 15. Bg5 Qe8 16. d5 h6 ({Black should try} 16... cxd5 $11 17. exd5 Nxd5) 17. dxc6 $1 $14 Bxc6 18. Be3 {Strongly threatening Na4!} Qe6 19. Bc2 Rfd8 20. Bb3 Qe7 21. Nd5 Bxd5 22. exd5 {[%cal Be4d5,Bd5d6][%mdl 32]} Ne8 23. Qd2 Nd6 24. Bxh6 Bxh6 25. Qxh6 {aiming for Rc7.} Nf5 {[#]} (25... Rac8 $16) 26. d6 $1 $18 {[%mdl 512] White wants to mate with Qxg6+.} Qf6 (26... Nxd6 27. Qxg6+) 27. Qg5 $40 {[%mdl 128] White has strong attack.} Nd4 (27... e4 $142) 28. Qxf6 Nxf6 29. Nxd4 exd4 30. Rxd4 Rd7 31. a4 Rad8 32. Rc6 Ne8 33. Rxa6 bxa4 34. Bxa4 ({Don't play} 34. Rdxa4 $6 Rb8 $18) ({Much less strong is} 34. Raxa4 $6 Rxd6 35. Rxd6 Nxd6 $18) 34... Rxd6 35. Raxd6 Nxd6 {[%mdl 4096] Endgame KRB-KRN} 36. h4 Kf8 37. Bc6 Ke7 38. b4 Rb8 39. g3 Ke6 40. Kg2 Rb6 41. Bf3 Ke5 42. Rg4 f5 $2 {[#]} (42... Ke6 {is more resistant.} 43. Kf1 Ra6) 43. Rxg6 Rxb4 44. Rg8 Rb2 45. Ra8 Nc4 (45... Nf7 {was necessary.} 46. h5 Nh6) 46. Re8+ Kd6 $2 (46... Kf6 47. Bd5 Nb6 48. Rf8+ Ke5) 47. h5 {[%cal Bh4h5,Bh5h6][%mdl 32]} Kd7 48. h6 {Precision: White = 65%, Black = 24%.} 1-0

[Event "3rd ESNAI-ch 2018"]
[Site "Klaksvik"]
[Date "2018.04.16"]
[Round "3"]
[White "Klerides, Paris"]
[Black "Berend, Fred"]
[Result "0-1"]
[WhiteElo "2183"]
[BlackElo "2357"]
[Annotator "TA"]
[PlyCount "134"]
[EventDate "2018.??.??"]
[EventType "tourn"]
[EventCountry "FAI"]
[SourceTitle "playchess.com"]
[Source "ChessBase"]
[SourceQuality "1"]

{[%evp 18,134,0,0,77,22,44,0,0,-28,-18,-48,-29,-68,-43,-52,-15,-17,-6,-15,0,0,1,-26,0,0,16,0,9,-23,0,0,-18,-38,-35,-33,-42,-79,-49,-144,-151,-190,-187,-267,-224,-400,-400,-390,-389,-392,-394,-535,-525,-531,-506,-505,-490,-486,-434,-392,-380,-506,-501,-484,-312,-682,-500,-476,-467,-527,-517,-528,-532,-531,-531,-501,-511,-705,-497,-585,-578,-781,-741,-628,-568,-863,-847,-714,-800,-855,-912,-1974,-2011,-2029,-1822,-4356,-2543,-29965,-2575,-1886,-1642,-1056,-1019,-936,-945,-905,-883,-847,-835,-738,-733,-5081,-2733,-29975,-1023,-29976,-29976,-29981,-29982]} 1. e4 e5 2. Nf3 Nc6 3. Bc4 Bc5 4. c3 Nf6 5. d4 exd4 6. cxd4 Bb4+ 7. Bd2 Nxe4 8. Bxb4 Nxb4 9. Bxf7+ Kxf7 10. Qb3+ {LiveBook: 116 Games. C54: Giuoco Piano: 4 c3 Nf6, main lines with 5 d4 and 5 d3} Kf6 (10... Ke8 $11 {remains equal.} 11. Qxb4 Qe7 12. Qxe7+ Kxe7) (10... Kf8 11. Qxb4+ Qe7 12. Qxe7+ Kxe7 13. O-O Kd8 14. Re1 Nf6 15. Nc3 d6 16. Ng5 Rf8 17. f3 a5 {½-½ (27) McShane,L (2647)-Matlakov,M (2707) Batumi 2018}) 11. Qxb4 (11. O-O $16) 11... Qe7 12. Qa5 $146 {Strongly threatening 0-0.White is slightly better.} ({Find the theoretical novelty and annotate with similar games:} 12. Qxe7+ Kxe7 13. O-O Re8 14. Re1 Kf6 15. Nc3 d5 16. Nxd5+ Kf7 17. Nxc7 Bf5 18. Nxa8 Rxa8 {1-0 (25) Nunez Colome,D (2038)-Mallol Descarrega,A (1823) Girona 2015}) 12... b6 $1 {[%cal Rb6a5]} 13. Qe5+ Qxe5 14. dxe5+ Ke7 15. Nbd2 Bb7 (15... Nc5 {NOTEXT} 16. O-O Rf8 17. Rfe1 Bb7 18. Re3 Ne6) 16. O-O Rhf8 17. Nxe4 Bxe4 18. Ng5 Bd3 19. Rfe1 Rf5 20. h4 h6 21. Nh3 $1 Rf7 22. g3 Raf8 23. Rad1 Bc4 24. Rd4 Bxa2 25. Ra1 Be6 $36 {[%mdl 2048] Black is pushing.} 26. Nf4 Ra8 27. Ra6 Rf5 (27... g5 $5 {[%cal Rg5f4]} 28. Ng2 Rf5 $17) 28. Rda4 ({White should play} 28. g4 $15 Rf7 29. h5) 28... g5 $1 $17 {[%cal Rg5f4]} 29. hxg5 hxg5 30. Nd3 (30. Nxe6 {keeps fighting.} Kxe6 31. Rxa7 Rxa7 32. Rxa7) 30... Rf3 31. Ne1 $2 (31. Ra3) 31... Rb3 $1 $19 32. Rxa7 Rxa7 33. Rxa7 {[%mdl 4096] Endgame KRB-KRN} c5 34. Rb7 Bd5 35. Rb8 Rxb2 36. f4 gxf4 37. gxf4 Be4 38. Rc8 Bb7 39. Rc7 Bc6 40. f5 Ra2 41. Nd3 $2 (41. e6) 41... Rg2+ 42. Kf1 {Threatens to win with Rxc6!} Rg3 43. f6+ Kf7 44. Nf2 Bb5+ 45. Ke1 Re3+ 46. Kd1 Rxe5 47. Rb7 Re6 48. Nh3 {intending Ng5+.} Kxf6 49. Nf4 Rd6+ 50. Kc1 Kf5 51. Ng2 Ke4 52. Rb8 Rf6 53. Re8+ Kd4 54. Ne3 Bd3 55. Ng4 Re6 56. Ra8 b5 57. Ra7 d6 (57... d5 $142 58. Rf7 c4 59. Nf2 Re1+ 60. Nd1 b4 61. Rf4+ Kc5 62. Rf7 c3 63. Rb7 Be2 64. Kc2 Bxd1+ 65. Kd3 Be2+ 66. Kc2 d4 67. Rc7+ Kd6 68. Rc8 d3+ 69. Kb3 d2 70. Kxb4 c2 $1 {[%mdl 512]} 71. Rd8+ Kc7 72. Rg8 c1=Q 73. Rg7+ Kd6 74. Rg6+ Kd5 75. Rg5+ Kd4 76. Rg3 Qc4+ 77. Ka3 Ra1+ 78. Kb2 Qa2#) 58. Rf7 Kc3 {[%cal Re6e1]} 59. Nf2 Bc4 {( -> ...Re1+)} 60. Rf3+ Kb4 61. Nd1 Ka5 62. Ra3+ {[#]} Kb6 $1 63. Ne3 d5 {[%cal Bd6d5,Bd5d4][%mdl 32]} 64. Kd2 d4 65. Nd1 Re2+ 66. Kc1 Bd5 67. Rd3 Be4 {Precision: White = 32%, Black = 69%.} 0-1

[Event "3rd ESNAI-ch 2018"]
[Site "Klaksvik"]
[Date "2018.04.16"]
[Round "3"]
[White "Belzo, Krzysztof"]
[Black "Ziska, Helgi Dam"]
[Result "0-1"]
[WhiteElo "2103"]
[BlackElo "2549"]
[Annotator "TA"]
[PlyCount "98"]
[EventDate "2018.??.??"]
[EventType "tourn"]
[EventCountry "FAI"]
[SourceTitle "playchess.com"]
[Source "ChessBase"]
[SourceQuality "1"]

{[%evp 13,98,8,12,-32,-20,-23,-35,-41,-50,-47,-45,-57,-29,-106,-25,-158,-25,-120,-120,-112,-123,-104,-104,-124,-73,-72,-78,-98,-94,-84,-92,-158,-146,-146,-159,-179,-172,-164,-180,-165,-147,-198,-182,-260,-229,-219,-220,-228,-215,-210,-209,-216,-197,-241,-215,-214,-181,-164,-222,-221,-220,-155,-217,-165,-142,-179,-157,-569,-621,-612,-599,-560,-522,-554,-362,-373,-367,-1006,-959,-2378,-1403,-1597,-2243,-2083,-1643,-5098,-2727]} 1. c4 g6 2. g3 Bg7 3. Bg2 d6 4. Nc3 Nc6 5. Rb1 a5 6. a3 Nf6 7. d3 e5 {LiveBook: 88 Games} 8. Nd5 {A25: English Opening vs King's Indian with ...Nc6 but without early d3} (8. b4 axb4 9. axb4 O-O 10. b5 Ne7 11. e4 Nd7 12. Nge2 Nc5 13. O-O f5 14. exf5 Bxf5 15. Be3 Bxd3 16. Bxb7 Rb8 17. Bxc5 Bxb1 18. Bd5+ Nxd5 19. Qxd5+ {½-½ (53) Jobava,B (2713)-Grigoryan,A (2608) Martuni 2011}) 8... Nxd5 9. cxd5 Ne7 10. Bd2 $146 {Black is slightly better.} ({Predecessor:} 10. e4 c6 11. Ne2 O-O 12. O-O cxd5 13. exd5 Nf5 14. b4 axb4 15. Rxb4 Re8 {0-1 (41) Leroy,D (2277)-Velten,P (2457) Montpellier 2015}) 10... O-O 11. Qc1 a4 12. Bh6 Ra5 13. e4 (13. Bxg7 $11 Kxg7 14. Qd2) 13... c6 (13... Rc5 $1 $17 {[%cal Rc5c1]} 14. Qd2 Bxh6 15. Qxh6 c6) 14. dxc6 (14. Bxg7 $11 {remains equal.} Kxg7 15. dxc6) 14... bxc6 ({Black should play} 14... Rc5 $17 15. Qd2 Bxh6 16. Qxh6 Rc2) 15. h4 (15. Bxg7 $11 Kxg7 16. Ne2) 15... Rc5 $17 16. Qd2 Bxh6 17. Qxh6 Qa5+ $1 18. Qd2 {[#]} Be6 (18... Qxd2+ $142 $1 19. Kxd2 f5) 19. Qxa5 Rxa5 20. Ne2 Rb8 21. Nc3 d5 {[%cal Bd6d5,Bd5d4][%mdl 32]} 22. Bf3 (22. exd5 $142 cxd5 23. O-O) 22... d4 23. Nd1 Bb3 24. Kd2 Nc8 25. Bg4 Nd6 $36 {[%mdl 2048] Keeping White busy.} 26. f4 f6 {[%cal Bf7f6,Bf6e5][%mdl 32]} 27. fxe5 (27. h5 $17) 27... fxe5 28. Rf1 (28. Rc1 $142 c5 29. h5) 28... Kg7 29. Be2 c5 {[%cal Bc6c5,Bc5c4][%mdl 32]} 30. g4 h6 31. g5 hxg5 32. hxg5 Nf7 33. Rf6 Nxg5 34. Rc6 {[#]} c4 $1 {[%mdl 512]} 35. Nf2 (35. dxc4 Rc5) 35... Ba2 36. Rg1 Rxb2+ 37. Ke1 cxd3 38. Nxd3 Rb1+ 39. Nc1 {[#]} Ne6 $1 {Strongly threatening ...Rc5.} ({Don't play} 39... Nxe4 40. Bd3 $15) 40. Bd3 $2 (40. Bd1 $17 {nothing else works.} Rc5 41. Rxc5 Nxc5 42. Nxa2) 40... Ra1 $19 41. Kd2 Rc5 42. Rb6 Nf4 43. Nb3 axb3 44. Rxa1 Rc3 45. Bb1 $2 (45. Bf1 Rc2+ 46. Ke1) 45... Rh3 {Black is clearly winning.} 46. a4 Rh2+ 47. Kc1 Ne2+ 48. Kb2 Nc3+ 49. Ka3 Nxb1+ {Precision: White = 38%, Black = 72%.} 0-1

[Event "3rd ESNAI-ch 2018"]
[Site "Klaksvik"]
[Date "2018.04.16"]
[Round "3"]
[White "Kirby, Peter J"]
[Black "Theocharous, Stelios"]
[Result "1-0"]
[WhiteElo "1985"]
[BlackElo "2099"]
[Annotator "NA RC"]
[PlyCount "68"]
[EventDate "2018.??.??"]
[EventType "tourn"]
[EventCountry "FAI"]
[SourceTitle "playchess.com"]
[Source "ChessBase"]
[SourceQuality "1"]
[TimeControl "40/5400+30:1800+30"]

1. d4 {[%emt 0:00:00]} Nf6 {[%emt 0:00:17]} 2. c4 {[%emt 0:00:00]} e6 {[%emt 0:00:04]} 3. g3 {[%emt 0:00:00]} d5 {[%emt 0:04:48]} 4. Nf3 {[%emt 0:00:00]} dxc4 {[%emt 0:09:47]} 5. Bg2 {[%emt 0:00:04]} Be7 {[%emt 0:20:09]} 6. Ne5 {[%emt 0:03:05]} O-O {[%emt 0:03:46]} 7. O-O {[%emt 0:01:42]} c5 {[%emt 0:04:59]} 8. dxc5 {[%emt 0:01:43]} Bxc5 {[%emt 0:00:12]} 9. Nxc4 $14 {[%emt 0:01:40]} Nc6 {[%emt 0:04:57]} 10. Nbd2 {[%emt 0:07:27]} Bd7 {[%emt 0:03:50]} 11. Nb3 {[%emt 0:00:49]} Be7 {[%emt 0:07:13]} 12. Be3 {[%emt 0:02:12]} b5 {[%emt 0:09:02]} 13. Nd6 {[%emt 0:04:16]} Nd5 {[%emt 0:00:12]} 14. Bc5 {[%emt 0:07:05]} Na5 {[%emt 0:19:19]} 15. Nxa5 {[%emt 0:11:46]} Qxa5 {[%emt 0:00:12]} 16. Nb7 {[%emt 0:00:13]} Qc7 {[%emt 0:01:31]} 17. Bxe7 {[%emt 0:00:06]} Nxe7 {[%emt 0:00:19]} 18. Rc1 {[%emt 0:04:04]} Bc6 {[%emt 0:02:05]} 19. Bxc6 {[%emt 0:05:33]} Nxc6 {[%emt 0:00:07]} 20. Qd6 {[%emt 0:02:33]} Qxd6 {[%emt 0:02:30]} 21. Nxd6 {[%emt 0:00:02]} Nd4 {[%emt 0:01:01]} 22. Rfe1 {[%emt 0:01:59]} Rfd8 {[%emt 0:00:55]} 23. Ne4 {[%emt 0:00:47]} Rac8 {[%emt 0:00:41]} 24. Kf1 {[%emt 0:01:36]} Kf8 {[%emt 0:01:48]} 25. Red1 {[%emt 0:00:43]} e5 {[%emt 0:02:07]} 26. h3 {[%emt 0:01:41]} f5 {[%emt 0:00:33]} 27. Nc5 {[%emt 0:02:00]} Ke7 {[%emt 0:00:40]} 28. b4 {[%emt 0:04:07]} Nc6 {[%emt 0:00:35]} 29. a3 {[%emt 0:01:18]} Nd4 {[%emt 0:00:38]} 30. e3 {[%emt 0:04:48]} Nc6 {[%emt 0:00:34]} 31. Ke2 {[%emt 0:01:43]} e4 {[%emt 0:00:30]} 32. Rxd8 {[%emt 0:01:35]} Rxd8 {[%emt 0:00:05]} 33. Nxe4 {[%emt 0:03:43]} Nxb4 {[%emt 0:00:58]} 34. Rc7+ {[%emt 0:00:13]} Ke6 1-0

[Event "3rd ESNAI-ch 2018"]
[Site "Klaksvik"]
[Date "2018.04.16"]
[Round "4"]
[White "Ziska, Helgi Dam"]
[Black "Theocharous, Stelios"]
[Result "*"]
[WhiteElo "2549"]
[BlackElo "2099"]
[Annotator "TA"]
[PlyCount "38"]
[EventDate "2018.??.??"]
[EventType "tourn"]
[EventCountry "FAI"]
[SourceTitle "playchess.com"]
[Source "ChessBase"]
[SourceQuality "1"]

{[%evp 9,10,27,25]} 1. Nf3 c5 2. g3 Nf6 3. Bg2 g6 4. c4 Bg7 5. Nc3 Nc6 {LiveBook: 1645 Games} {Predecessor:} 6. d3 $146 d6 7. a3 O-O 8. Rb1 a5 9. Bd2 Bd7 10. O-O Qc8 11. Ne1 Bh3 12. Nc2 Bxg2 13. Kxg2 Qd7 14. b4 axb4 15. axb4 d5 16. cxd5 Nxb4 17. Nxb4 cxb4 18. Rxb4 Nxd5 19. Nxd5 Qxd5+ {0-1 (74) Duda,J (2724)-Bu,X (2725) Liaocheng 2018} *

[Event "3rd ESNAI-ch 2018"]
[Site "Klaksvik"]
[Date "2018.04.17"]
[Round "4"]
[White "Ziska, Helgi Dam"]
[Black "Theocharous, Stelios"]
[Result "1-0"]
[WhiteElo "2549"]
[BlackElo "2099"]
[Annotator "TA"]
[PlyCount "77"]
[EventDate "2018.??.??"]
[EventType "tourn"]
[EventCountry "FAI"]
[SourceTitle "playchess.com"]
[Source "ChessBase"]
[SourceQuality "1"]

{[%evp 15,77,43,55,51,61,58,83,69,85,81,77,56,54,54,54,54,56,52,49,56,65,62,75,73,107,107,105,104,97,77,76,62,102,68,67,48,50,50,63,55,60,60,112,106,110,117,107,74,75,74,75,53,254,250,404,289,410,283,477,470,435,462,599,541]} 1. Nf3 c5 2. g3 Nf6 3. Bg2 g6 4. c4 Bg7 5. Nc3 Nc6 6. O-O O-O 7. d4 cxd4 8. Nxd4 Qc7 {LiveBook: 7 Games} 9. Bf4 {A39: Symmetrical English vs ...g6: 4 Bg2 Bg7 5 Nf3 Nf6 6 0-0 0-0 7 d4} (9. Ndb5 Qd8 10. Nd5 d6 11. Bg5 Nxd5 12. cxd5 Ne5 13. Qb3 a6 14. Nd4 Nd7 15. Rfd1 Re8 16. Rac1 Bf6 {1-0 (58) Macieja,B (2559)-Ruiz Castillo,J (2371) Dallas 2016}) 9... d6 {[#] White must now prevent ...Nxd4.} 10. Nxc6 bxc6 11. c5 $1 {[%cal Rc5d6] White is better.} Rd8 12. cxd6 exd6 13. Rc1 Bb7 $146 ({Predecessor:} 13... Qb7 14. Na4 Nd5 15. Bg5 Be6 16. Bxd8 Rxd8 {½-½ (60) Pejko,O (2240)-Mrvova,A (2205) Slovakia 2009}) 14. Bg5 c5 15. Nd5 Bxd5 $1 16. Bxd5 Rab8 17. b3 Re8 18. Bf3 Re6 19. Qd3 h6 20. Bxf6 Rxf6 21. Bd5 Qe7 22. e4 g5 23. Rc4 Rc8 24. Rfc1 g4 25. Qe2 Rg6 26. b4 Be5 27. Qe3 {[%cal Rb4c5]} Qf6 28. Kg2 Rb8 (28... h5 $14) 29. bxc5 $16 dxc5 30. Rxc5 Bd4 31. Rc8+ Rxc8 32. Rxc8+ Kg7 33. Qf4 {aiming for Rc7.} Qxf4 $2 {[#]} ({Black should try} 33... Be5 $1 $14 34. Qe3 Bd4) 34. gxf4 $14 {KRB-KRB} Rf6 $2 (34... f6 35. Rc7+ Kf8 36. Rf7+ Ke8) 35. Kg3 h5 (35... Rd6 {keeps fighting.} 36. Rc7 h5 37. Rxf7+ Kg6) 36. Rc7 Bb6 $2 (36... Rd6 37. Rxf7+ Kh6) 37. Rd7 $18 {White is clearly winning.} Kf8 38. e5 Rf5 39. Be4 {Precision: White = 84%, Black = 44%.} 1-0